Diario de los literatos de España (Record no. 178257)

MARC details
000 -LEADER
campo de control de longitud fija 01380nas a2200265 i 4500
001 - NÚMERO DE CONTROL
campo de control 178257
003 - IDENTIFICADOR DE NÚMERO DE CONTROL
campo de control ES-MaACL
005 - FECHA Y HORA DE LA ÚLTIMA TRANSACCIÓN
campo de control 20250527144111.0
008 - DATOS DE LONGITUD FIJA--INFORMACIÓN GENERAL
campo de control de longitud fija 110524d17371742sp | n | ||pa d
245 00 - MENCIÓN DEL TÍTULO
Título Diario de los literatos de España
Resto del título : en que se reducen a compendio los escritos de los autores españoles, y se hace juicio de sus obras, desde el año 1737 (hasta octubre de 1738) /
Mención de responsabilidad, etc. [compuesto por ... Francisco Manuel de Huerta, Juan Martínez Salafranca y Leopoldo Gerónimo Puig].
260 ## - PUBLICACIÓN, DISTRIBUCIÓN, ETC.
Lugar de publicación, distribución, etc. Madrid :
Nombre del editor, distribuidor, etc. Antonio Marín :
-- Imp. Real,
Fecha de publicación, distribución, etc. 1737-1742.
300 ## - DESCRIPCIÓN FÍSICA
Extensión 7 v. ;
Dimensiones 15 cm.
362 0# - FECHAS DE PUBLICACIÓN Y/O DESIGNACIÓN SECUENCIAL
Fecha de publicación y/o designación secuencial T.1 (en.-marzo 1737) - t.7 (3. trimestre 1738)
530 ## - NOTA DISPONIBLE DE FORMULARIO FÍSICO ADICIONAL
Nota de formato físico adicional disponible Disponible en formato digital.
555 ## - NOTA DE ÍNDICE ACUMULATIVO U OTROS INSTRUMENTOS BIBLIOGRÁFICOS
Nota de índice acumulativo u otros instrumentos bibliográficos Índice
Referencia bibliográfica Diario de los literatos de España (1737-1742) : índices (onomástico, toponímico y de obras) [sign. en BAM: N-4923]
594 ## - Nota al título y mención de responsabilidad
Nota al título y mención de responsabilidad Autores tomados en los preliminares.
650 #4 - PUNTO DE ACCESO ADICIONAL DE MATERIA--TÉRMINO DE MATERIA
Término de materia o nombre geográfico como elemento de entrada Literatura española-
Subdivisión general Historia y crítica
9 (RLIN) 14560
700 1# - ENTRADA AGREGADA--NOMBRE PERSONAL
Nombre de persona Huerta y Vega, Francisco Xavier Manuel de la.
9 (RLIN) 146703
700 1# - ENTRADA AGREGADA--NOMBRE PERSONAL
Nombre de persona Martínez Salafranca, Juan Miguel,
Fechas asociadas al nombre 1697-1772
9 (RLIN) 146704
700 1# - ENTRADA AGREGADA--NOMBRE PERSONAL
Nombre de persona Puig, Leopoldo Jerónimo.
9 (RLIN) 131421
852 ## - LOCALIZACIÓN
Ubicación ES-MaACL
Número de control de estantería R-930-36
Nota libre - Enc. perg.
Encuadernación Olim: G-3961-7
856 ## - LOCALIZACIÓN Y ACCESO ELECTRÓNICOS
Identificador Uniforme de Recursos <a href="http://bdh-rd.bne.es/viewer.vm?id=0000014531&page=1 ">http://bdh-rd.bne.es/viewer.vm?id=0000014531&page=1 </a>
Nota pública Biblioteca Digital Hispánica
866 #0 - MENCIÓN TEXTUAL DE FONDOS--UNIDAD BIBLIOGRÁFICA BÁSICA
Fondos 1737-1738
Holdings
Estatus retirado Estado de pérdida Estado de daño No para préstamo Colección Biblioteca de origen Biblioteca actual Ubicación en estantería Fecha de adquisición Fuente de adquisición Total de préstamos Signatura topográfica completa Código de barras Visto por última vez Precio de reemplazo Tipo de ítem Koha
        Colección digital Biblioteca del Ateneo de Madrid Biblioteca del Ateneo de Madrid Depósito 24/05/2011     R-930-36 1187251 23/02/2023 23/02/2023 Revista